000 00625nam a22002297a 4500
003 UA-OsUOA
001 136380
007 ta
008 20190321b un ||||| |||| 00| 0 ukr d
100 _aТолстой Л.Н.
090 _a882
_bТ530
942 _cBK
040 _aUA-OsUOA
_brus
_cUA-OsUOA
_dUA-OsUOA
245 _aПосле бала
300 _a61 с.
955 _a3
041 _arus
080 _a882
260 _aМ.
_bДетская литература
_c1974
650 7 _a8 Мовознавство. Художня література. Літературознавство
_2UDC
999 _c422244
_d422244